Những vấn đề hành chính và tài chính trong tổ chức truyền hình Việt Nam [ Việt Nam Cộng Hòa ]

Αποθηκεύτηκε σε:
Λεπτομέρειες βιβλιογραφικής εγγραφής
Κύριος συγγραφέας: Bùi Trọng Tuế
Μορφή: Βιβλίο
Γλώσσα:Undetermined
Έκδοση: Sài Gòn Học viện Quốc Gia Hành Chánh 1970
Θέματα:
Ετικέτες: Προσθήκη ετικέτας
Δεν υπάρχουν, Καταχωρήστε ετικέτα πρώτοι!
Thư viện lưu trữ: Trung tâm Học liệu Trường Đại học Cần Thơ
LEADER 00686nam a2200181Ia 4500
001 CTU_26410
008 210402s9999 xx 000 0 und d
082 |a 352.2 
082 |b T507 
100 |a Bùi Trọng Tuế 
245 0 |a Những vấn đề hành chính và tài chính trong tổ chức truyền hình Việt Nam [ Việt Nam Cộng Hòa ] 
245 0 |c Bùi Trọng Tuế 
260 |a Sài Gòn 
260 |b Học viện Quốc Gia Hành Chánh 
260 |c 1970 
650 |a television - equipments and supplies - vietnam 
904 |i Nguyễn Quang Điền, 981013 
980 |a Trung tâm Học liệu Trường Đại học Cần Thơ